Last States to Get a McDonald’s - Statistics

General Stats
  • This quiz has been taken 15 times
  • The average score is 8 of 10
Answer Stats
State % Correct
Vermont
100%
Alaska
90%
Hawai’i
90%
Maine
90%
New Hampshire
90%
Rhode Island
90%
Wyoming
80%
North Dakota
70%
South Dakota
70%
West Virginia
70%
No matching quizzes found
Score Distribution
Percent of People with Each Score
Percentile by Number Answered
Your Score History
You have not taken this quiz